00708nac a22002051u 4500010001300000020001500013082001500028090001500043100003400058245006300092250001200155260004800167300003400215504005100249650002900300650001500329942001700344999001500361952012600376 a89032561 a812030663500a670bL7426 c1022d1022 aLindberg, Roy A. 10aProcesses and materials of manufacture /cRoy A. Lindberg. a4th ed. aNew Delhi :bPrentice Hall of India,c2004. axiv, 864 p. :bill. ;c25 cm. aIncludes bibliographical references and index. 0aManufacturing processes. 0aMaterials. cBBk670L7426 c1022d1022 00102ddc40708 aMAINbMAINc1STd2016-08-06epurchaseg125.00l0o670 LINp000003482r2025-07-15 00:00:00v156.25yBB